Southville International School and Colleges
Your cart is empty.
  • Cart
  • Lists
    Public lists Eva Luna New books Lux_list list_1
    Your lists Log in to create your own lists
  • Log in to your account
  • Your cookies
  • Search history
Southville International School and Colleges
  • Advanced search
  • Recent comments
  • Most popular
  • Libraries

Log in to your account

Log in with GOOGLE


If you do not have an external account, but do have a local account, you can still log in:

  1. Home
  2. MARC view: Presuptous little mouse (The).
Normal view MARC view ISBD view

Presuptous little mouse (The). (Record no. 112007)

[ view plain ]
MARC details
000 -LEADER
fixed length control field 00392nam a2200157 a 4500
001 - CONTROL NUMBER
control field 2077
005 - DATE AND TIME OF LATEST TRANSACTION
control field 20140414131926.0
008 - FIXED-LENGTH DATA ELEMENTS--GENERAL INFORMATION
fixed length control field 001109s19uu xx 00 eng d
020 ## - INTERNATIONAL STANDARD BOOK NUMBER
International Standard Book Number 9788477737551
050 ## - LIBRARY OF CONGRESS CALL NUMBER
Classification number ER
Item number Pr91 2002
245 ## - TITLE STATEMENT
Title Presuptous little mouse (The).
260 ## - PUBLICATION, DISTRIBUTION, ETC. (IMPRINT)
Place of publication, distribution, etc Manila, Philippines :
Date of publication, distribution, etc 2002.
Name of publisher, distributor, etc NBS, Inc,
300 ## - PHYSICAL DESCRIPTION
Extent 16
650 ## - SUBJECT ADDED ENTRY--TOPICAL TERM
Topical term or geographic name as entry element Mouse-
General subdivision fiction
Holdings
Withdrawn status Lost status Damaged status Use restrictions Home library Current library Shelving location Date acquired Source of acquisition Total Checkouts Full call number Barcode Date last seen Price effective from Koha item type
        Munich Library Munich Library Easy Reading Section 02/26/2013     ER Pr91 2002 M3004 04/14/2014 04/14/2014 Books

Presuptous little mouse (The).

APA

(2002). Presuptous little mouse (The). Manila, Philippines: NBS, Inc.

Chicago

2002. Presuptous little mouse (The). Manila, Philippines: NBS, Inc.

Harvard

(2002). Presuptous little mouse (The). Manila, Philippines: NBS, Inc.

MLA

Presuptous little mouse (The). Manila, Philippines: NBS, Inc. 2002.

  • Place hold
  • Print
  • Cite
  • Add to your cart (remove)
  • Save record
    BIBTEX Dublin Core MARCXML MARC (non-Unicode/MARC-8) MARC (Unicode/UTF-8) MARC (Unicode/UTF-8, Standard) MODS (XML) RIS
  • More searches
    Search for this title in:
    Other Libraries (WorldCat) Other Databases (Google Scholar) Online Stores (Bookfinder.com) Open Library (openlibrary.org)

Exporting to Dublin Core...

SOUTHVILLE LIBRARY

Southville International School and Colleges Library

1281 Tropical Ave. Cor. Luxembourg St., BF Homes International, Las Pinas City

Tel. No. 8256374 / 252358 Loc. 117/146

Powered by Koha